[Event "33. Copenhagen Open (Politiken Cup)"]
[Site "Elsinore"]
[Date "2011.08.03"]
[Round "6"]
[White "Leutwyler, Martin"]
[Black "Hinrichs, Jan"]
[Result "1/2-1/2"]
[WhiteElo "2163"]
[BlackElo "1947"]
[PlyCount "188"]
[EventDate "2011.07.30"]
[EventType "swiss"]
[EventRounds "10"]
[EventCountry "DEN"]
[Source "ChessBase"]
[SourceDate "2011.08.29"]

1. d4 d5 2. Nf3 Bg4 3. Ne5 Bf5 4. c4 f6 5. Nf3 e6 6. g3 Bb4+ 7. Bd2 Bxd2+ 8.
Qxd2 c6 9. Bg2 dxc4 10. a4 Bxb1 11. Rxb1 a6 12. a5 b5 13. axb6 Qxb6 14. O-O Ne7
15. Qc3 Qb3 16. Qa5 Qb5 17. Qc3 Nd5 18. Qc1 Nd7 19. e4 N5b6 20. Bh3 e5 21. dxe5
Nxe5 22. Nd4 Qb4 23. Ne6 Kf7 24. Qf4 h6 25. Qe3 Rae8 26. f4 Nd3 27. b3 Rxe6 28.
Bxe6+ Kxe6 29. bxc4 Nb2 30. f5+ Kf7 31. Qd4 N6xc4 32. Rxb2 Qxb2 33. Qxc4+ Ke7
34. Qe6+ Kd8 35. Qd6+ Kc8 36. Qxc6+ Kb8 37. Qxa6 Rd8 38. Qa1 Qxa1 39. Rxa1 Rd2
40. Ra6 Re2 41. Re6 Kc7 42. Re7+ Kd6 43. Rxg7 Rxe4 44. h3 Ke5 45. Rh7 Kxf5 46.
Rxh6 Re2 47. Rh4 Ra2 48. Rf4+ Kg5 49. Rf2 Ra4 50. Kg2 f5 51. Rb2 Rc4 52. Rb3
Ra4 53. Kf3 Rc4 54. h4+ Kf6 55. Rd3 Ra4 56. Ke3 Ke5 57. h5 Rg4 58. Kf3 Rg5 59.
h6 Rh5 60. Ra3 Rxh6 61. Ra5+ Kf6 62. Kf4 Rh1 63. Rxf5+ Kg6 64. Ra5 Rf1+ 65. Kg4
Rb1 66. Ra6+ Kg7 67. Kh5 Rb5+ 68. Kh4 Rb4+ 69. g4 Rb5 70. Rc6 Ra5 71. g5 Ra4+
72. Kh5 Ra5 73. Rc7+ Kg8 74. Kh6 Ra6+ 75. g6 Ra8 76. Rc6 Rb8 77. Rc7 Ra8 78.
Rf7 Rb8 79. Rf6 Ra8 80. Rf7 Rb8 81. Rg7+ Kh8 82. Ra7 Kg8 83. Ra6 Rc8 84. Kg5
Kg7 85. Ra7+ Kg8 86. Kf6 Rc6+ 87. Kf5 Rc8 88. Ke6 Rc6+ 89. Kf5 Rc8 90. g7 Rb8
91. Ke6 Rb6+ 92. Kd5 Rg6 93. Ke5 Rxg7 94. Rxg7+ Kxg7 1/2-1/2

[Event "33. Copenhagen Open (Politiken Cup)"]
[Site "Elsinore"]
[Date "2011.08.03"]
[Round "6"]
[White "Lindgaard, Tobias Simon"]
[Black "Fjellengen, Baard"]
[Result "0-1"]
[WhiteElo "1434"]
[BlackElo "1905"]
[PlyCount "32"]
[EventDate "2011.07.30"]
[EventType "swiss"]
[EventRounds "10"]
[EventCountry "DEN"]
[Source "ChessBase"]
[SourceDate "2011.08.29"]

1. g3 d5 2. Bg2 Nf6 3. c4 e6 4. Nf3 Bd6 5. Qc2 Nbd7 6. d4 b6 7. b3 Bb7 8. O-O
O-O 9. Bb2 c5 10. Rd1 Qc7 11. Nbd2 Rac8 12. Ng5 h6 13. e4 cxd4 14. Nh3 dxc4 15.
Bxd4 e5 16. Bb2 c3 0-1

[Event "33. Copenhagen Open (Politiken Cup)"]
[Site "Elsinore"]
[Date "2011.08.03"]
[Round "6"]
[White "Lyngsjo, Hakan"]
[Black "Pedersen, Henrik Bolding"]
[Result "1-0"]
[WhiteElo "1943"]
[BlackElo "2146"]
[PlyCount "93"]
[EventDate "2011.07.30"]
[EventType "swiss"]
[EventRounds "10"]
[EventCountry "DEN"]
[Source "ChessBase"]
[SourceDate "2011.08.29"]

1. e4 c6 2. d4 d5 3. exd5 cxd5 4. c4 Nf6 5. Nc3 g6 6. Qb3 Bg7 7. cxd5 O-O 8.
Nf3 Nbd7 9. Bf4 Nb6 10. d6 exd6 11. Be2 Be6 12. Qb4 Nbd5 13. Qxd6 Nxf4 14. Qxf4
Qb6 15. Qd2 Rad8 16. O-O Nd5 17. Rfd1 a6 18. Na4 Qd6 19. Nc5 Bc8 20. Rac1 Nf4
21. Bc4 b5 22. Ne4 Qb8 23. Bf1 Bg4 24. Qc3 Ne6 25. h3 Bxf3 26. Qxf3 Nxd4 27.
Qa3 Qf4 28. Nc5 b4 29. Qxa6 Ra8 30. Qc4 Rfc8 31. Qd5 Rd8 32. Nd3 Rxd5 33. Nxf4
Rf5 34. Nd3 Rxa2 35. Rc8+ Bf8 36. Nxb4 Ra7 37. Rxd4 Kg7 38. Nd3 Be7 39. b4 Rb7
40. Nc5 Ra7 41. Ne4 Re5 42. b5 f5 43. Nd2 Bc5 44. Rc4 Bb6 45. R4c6 Ra2 46. Rxb6
Rxd2 47. Rbc6 1-0

[Event "33. Copenhagen Open (Politiken Cup)"]
[Site "Elsinore"]
[Date "2011.08.03"]
[Round "6"]
[White "Maagaard, David Bille"]
[Black "Elzubeir, Omar"]
[Result "1-0"]
[WhiteElo "1906"]
[BlackElo "1497"]
[PlyCount "101"]
[EventDate "2011.07.30"]
[EventType "swiss"]
[EventRounds "10"]
[EventCountry "DEN"]
[Source "ChessBase"]
[SourceDate "2011.08.29"]

1. d4 Nf6 2. c4 g6 3. Nc3 d5 4. e3 c6 5. cxd5 cxd5 6. Bd3 Bg7 7. Nge2 O-O 8.
O-O Nc6 9. a3 a5 10. Bd2 e5 11. dxe5 Nxe5 12. Bb5 Nc4 13. Ra2 Be6 14. b3 Nd6
15. Bd3 Nde4 16. f3 Nc5 17. Bb5 Qb6 18. a4 Rfd8 19. Nd4 Bd7 20. Bc1 Ne6 21.
Nce2 Ne8 22. Kh1 N8c7 23. Bxd7 Rxd7 24. Rd2 Nxd4 25. Nxd4 Ne6 26. Nxe6 fxe6 27.
e4 d4 28. f4 Qc6 29. e5 Rad8 30. Rd3 Rc8 31. Bb2 Rd5 32. Rxd4 Rcd8 33. Rxd5
Rxd5 34. Qf3 Qc2 35. Qc3 Rd1 36. Rg1 Rxg1+ 37. Kxg1 Qe4 38. Qc8+ Bf8 39. Qxe6+
Kg7 40. Qd7+ Kg8 41. Qd2 Bc5+ 42. Kh1 Qb1+ 43. Qc1 Qxc1+ 44. Bxc1 Kf7 45. g4
Ke6 46. Kg2 Kd5 47. Kf3 Bd4 48. Bd2 b6 49. Be3 Bc5 50. Bxc5 bxc5 51. h4 1-0

[Event "33. Copenhagen Open (Politiken Cup)"]
[Site "Elsinore"]
[Date "2011.08.03"]
[Round "6"]
[White "Maechel, Michael"]
[Black "Hjornevik, Knut Jarle"]
[Result "0-1"]
[WhiteElo "1756"]
[BlackElo "1959"]
[PlyCount "154"]
[EventDate "2011.07.30"]
[EventType "swiss"]
[EventRounds "10"]
[EventCountry "DEN"]
[Source "ChessBase"]
[SourceDate "2011.08.29"]

1. e4 e5 2. Nf3 Nc6 3. Bb5 Nd4 4. Nxd4 exd4 5. O-O c6 6. Bc4 g6 7. c3 Bg7 8. e5
Qb6 9. Qf3 Nh6 10. d3 O-O 11. Re1 d5 12. exd6 Nf5 13. a4 a5 14. Bf4 Be6 15. Nd2
dxc3 16. bxc3 Bxc3 17. Rab1 Qa7 18. Rxe6 fxe6 19. Bxe6+ Kh8 20. Qe4 Qd4 21.
Qxd4+ Bxd4 22. Nf3 Ng7 23. Nxd4 Rxf4 24. Ne2 Nxe6 25. Nxf4 Nxf4 26. Rxb7 Rd8
27. d7 Nd5 28. Ra7 Kg7 29. g3 Kf6 30. Ra6 Nb4 31. Rxa5 Rxd7 32. Ra8 Rxd3 33.
Ra7 h5 34. Rb7 c5 35. Rc7 Rd1+ 36. Kg2 Rc1 37. a5 Ke5 38. Rg7 Kf5 39. Rf7+ Ke6
40. Rg7 Kf6 41. Rb7 Ra1 42. Rb5 Nd3 43. Rb6+ Kf5 44. a6 g5 45. Rd6 c4 46. Rc6
g4 47. Rxc4 Ne1+ 48. Kf1 Nf3+ 49. Ke2 Re1+ 50. Kd3 Ne5+ 51. Kd2 Ra1 52. Rf4+
Kg6 53. Re4 Nf3+ 54. Ke3 Rxa6 55. h4 Ra3+ 56. Kf4 Kf6 57. Rb4 Ra6 58. Re4 Ra2
59. Rb4 Rxf2 60. Rb6+ Ke7 61. Rb7+ Ke6 62. Rb6+ Kd7 63. Rb7+ Kc6 64. Rh7 Nxh4+
65. Kg5 Nf3+ 66. Kf4 Rh2 67. Rh6+ Kd5 68. Ra6 Rc2 69. Ra5+ Rc5 70. Ra8 Kd4 71.
Ra3 Re5 72. Rd3+ Kc4 73. Rd4+ Nxd4 74. Kxe5 Ne2 75. Kf5 Nxg3+ 76. Kf4 Ne2+ 77.
Kg5 g3 0-1

[Event "33. Copenhagen Open (Politiken Cup)"]
[Site "Elsinore"]
[Date "2011.08.03"]
[Round "6"]
[White "Marshall, Michael"]
[Black "Haukenes, Alise"]
[Result "1-0"]
[WhiteElo "1918"]
[BlackElo "1595"]
[PlyCount "91"]
[EventDate "2011.07.30"]
[EventType "swiss"]
[EventRounds "10"]
[EventCountry "DEN"]
[Source "ChessBase"]
[SourceDate "2011.08.29"]

1. c4 e5 2. g3 Nf6 3. Bg2 Bc5 4. Nf3 Nc6 5. Nc3 d6 6. O-O O-O 7. a3 a5 8. e3
Bf5 9. d3 e4 10. dxe4 Nxe4 11. Na4 Be6 12. Nd4 Nf6 13. Nxc6 bxc6 14. Nxc5 dxc5
15. Qc2 Ra6 16. b3 Qa8 17. a4 Rb6 18. Ba3 Nd7 19. f4 f6 20. Rfd1 Qe8 21. e4 Qe7
22. Rd3 Nb8 23. Rad1 Na6 24. f5 Bc8 25. Qd2 Nb4 26. Rd8 Rb8 27. Bb2 Ba6 28. Rd7
Qe8 29. Qf4 Rf7 30. Qxc7 Rxd7 31. Qxd7 Qxd7 32. Rxd7 Rb7 33. Rxb7 Bxb7 34. Bc3
Kf7 35. Kf1 g6 36. Ke2 Bc8 37. g4 h5 38. h3 h4 39. Be1 g5 40. Bc3 Na2 41. Bb2
Bd7 42. Kd2 Nb4 43. e5 fxe5 44. Bxe5 Ke7 45. Bc7 Kf6 46. Bd8+ 1-0

[Event "33. Copenhagen Open (Politiken Cup)"]
[Site "Elsinore"]
[Date "2011.08.03"]
[Round "6"]
[White "Moller, Arne"]
[Black "Edwardsson, Hannu Kalervo"]
[Result "1-0"]
[WhiteElo "1881"]
[BlackElo "1482"]
[PlyCount "43"]
[EventDate "2011.07.30"]
[EventType "swiss"]
[EventRounds "10"]
[EventCountry "DEN"]
[Source "ChessBase"]
[SourceDate "2011.08.29"]

1. e4 e5 2. Nf3 Nc6 3. Bb5 d6 4. d4 exd4 5. Nxd4 Bd7 6. O-O Nf6 7. Nc3 Be7 8.
Nxc6 Bxc6 9. Bxc6+ bxc6 10. Be3 O-O 11. f3 a6 12. Qd2 Rb8 13. b3 Nd7 14. Rad1
Nb6 15. Ne2 d5 16. Nd4 Qe8 17. Nf5 Bd6 18. Nxg7 Qe5 19. Nf5 Qxh2+ 20. Kf2 Qe5
21. Bd4 Qf4 22. Nh6+ 1-0

[Event "33. Copenhagen Open (Politiken Cup)"]
[Site "Elsinore"]
[Date "2011.08.03"]
[Round "6"]
[White "Molvig, Julius"]
[Black "Nielsen, Borge Hjerrild"]
[Result "0-1"]
[WhiteElo "1842"]
[BlackElo "2083"]
[PlyCount "106"]
[EventDate "2011.07.30"]
[EventType "swiss"]
[EventRounds "10"]
[EventCountry "DEN"]
[Source "ChessBase"]
[SourceDate "2011.08.29"]

1. d4 d5 2. c4 e6 3. Nc3 Be7 4. Nf3 Nf6 5. Bg5 O-O 6. e3 c6 7. Bd3 Nbd7 8. O-O
b6 9. Rc1 Bb7 10. Qc2 Rc8 11. Qb1 h6 12. Bh4 c5 13. cxd5 Nxd5 14. Bxe7 Qxe7 15.
Be4 N7f6 16. Nxd5 Bxd5 17. Bxd5 exd5 18. dxc5 bxc5 19. Rfd1 Rfd8 20. Qf5 Qe6
21. Qxe6 fxe6 22. Nd2 Kf7 23. Nb3 c4 24. Nd4 e5 25. Nf3 Ke6 26. Nd2 Rc7 27.
Nxc4 Rdc8 28. Rc3 Rxc4 29. Ra3 Rc1 30. Rf1 R8c7 31. h3 Rxf1+ 32. Kxf1 Ne4 33.
Kg1 Rb7 34. b4 Nd6 35. Ra6 d4 36. exd4 exd4 37. a3 Kd5 38. Kf1 Re7 39. Ra5+ Ke4
40. Ke2 d3+ 41. Kd1 Nc4 42. Ra6 Kd4 43. g4 Nb2+ 44. Kc1 Kc3 45. Rc6+ Kb3 46.
Rd6 Re1+ 47. Kd2 Re2+ 48. Kc1 Rc2+ 49. Kb1 Rxf2 50. Kc1 Rf1+ 51. Kd2 Nc4+ 52.
Kxd3 Nxd6 53. Ke2 Rh1 0-1

[Event "33. Copenhagen Open (Politiken Cup)"]
[Site "Elsinore"]
[Date "2011.08.03"]
[Round "6"]
[White "Nielsen, Frode Benedikt"]
[Black "Hinrichs, Lars"]
[Result "1-0"]
[WhiteElo "2028"]
[BlackElo "1894"]
[PlyCount "83"]
[EventDate "2011.07.30"]
[EventType "swiss"]
[EventRounds "10"]
[EventCountry "DEN"]
[Source "ChessBase"]
[SourceDate "2011.08.29"]

1. Nc3 d5 2. e4 d4 3. Nce2 c5 4. f4 Nc6 5. Nf3 Bg4 6. Ng3 e5 7. fxe5 Nxe5 8.
Bb5+ Nc6 9. O-O Bd6 10. Qe1 Bxf3 11. Rxf3 Qc7 12. d3 O-O-O 13. Bxc6 bxc6 14.
Bd2 Re8 15. Ba5 Qb7 16. Nf5 Be5 17. b4 g6 18. Nh4 c4 19. dxc4 Nf6 20. b5 c5 21.
Qf1 Qxe4 22. Rxf6 Qxh4 23. Rc6+ Kb8 24. g3 Bxg3 25. hxg3 Qxg3+ 26. Qg2 Qxg2+
27. Kxg2 Re2+ 28. Kf3 Rxc2 29. Rxc5 Rc8 30. Rxc8+ Kxc8 31. Ke4 Rxc4 32. Kd5 Ra4
33. Rc1+ Kb7 34. Rc7+ Kb8 35. Rxf7 Rxa2 36. Bb4 Re2 37. Kc6 Re8 38. Bd6+ Ka8
39. Rxh7 Rc8+ 40. Bc7 d3 41. b6 g5 42. b7# 1-0

[Event "33. Copenhagen Open (Politiken Cup)"]
[Site "Elsinore"]
[Date "2011.08.03"]
[Round "6"]
[White "Nielsen, Jens Holm"]
[Black "Lindholm, Lars"]
[Result "1-0"]
[WhiteElo "1920"]
[BlackElo "1722"]
[PlyCount "71"]
[EventDate "2011.07.30"]
[EventType "swiss"]
[EventRounds "10"]
[EventCountry "DEN"]
[Source "ChessBase"]
[SourceDate "2011.08.29"]

1. e4 e6 2. Nc3 d5 3. g3 Nf6 4. Bg2 c5 5. e5 Nfd7 6. f4 Be7 7. Nh3 Nc6 8. O-O
Nd4 9. d3 b6 10. Ne2 Nf5 11. c4 Bb7 12. Nc3 Nf8 13. Qa4+ Qd7 14. Qxd7+ Nxd7 15.
cxd5 exd5 16. Nxd5 O-O-O 17. Nxe7+ Nxe7 18. Bxb7+ Kxb7 19. Ng5 Rdf8 20. Ne4 Nf5
21. Bd2 Nb8 22. g4 Nd4 23. b4 Kc6 24. Kg2 Rd8 25. bxc5 bxc5 26. Nd6 Rhf8 27.
Rab1 f6 28. Nc4 Rf7 29. f5 Re7 30. e6 Na6 31. Na5+ Kd5 32. a3 g6 33. Bc3 gxf5
34. Bxd4 cxd4 35. Rxf5+ Kxe6 36. Nc6 1-0

[Event "33. Copenhagen Open (Politiken Cup)"]
[Site "Elsinore"]
[Date "2011.08.03"]
[Round "6"]
[White "Nielsen, John Bauneborg"]
[Black "Skovgaard, Peter Nicolai"]
[Result "0-1"]
[WhiteElo "2140"]
[BlackElo "2288"]
[PlyCount "60"]
[EventDate "2011.07.30"]
[EventType "swiss"]
[EventRounds "10"]
[EventCountry "DEN"]
[Source "ChessBase"]
[SourceDate "2011.08.29"]

1. c4 e5 2. Nc3 Nf6 3. g3 Bb4 4. Bg2 O-O 5. Nf3 Re8 6. O-O e4 7. Nd4 Nc6 8. Nc2
Bxc3 9. dxc3 d6 10. Ne3 Re5 11. Nd5 Be6 12. Bf4 Rh5 13. Qc2 Nxd5 14. cxd5 Bxd5
15. Bxe4 Bxe4 16. Qxe4 Qd7 17. h4 Re8 18. Qf3 Rf5 19. Rad1 Qe6 20. b3 Qxe2 21.
Rde1 Qxe1 22. Rxe1 Rxe1+ 23. Kg2 h5 24. Qd3 g6 25. Be3 Ne5 26. Qb5 Ng4 27. Qxb7
Nxe3+ 28. fxe3 Re2+ 29. Kg1 Rxa2 30. c4 Rff2 0-1

[Event "33. Copenhagen Open (Politiken Cup)"]
[Site "Elsinore"]
[Date "2011.08.03"]
[Round "6"]
[White "Nielsen, Kai Gylling"]
[Black "Carnstam, Tomas"]
[Result "0-1"]
[WhiteElo "1890"]
[BlackElo "2062"]
[PlyCount "88"]
[EventDate "2011.07.30"]
[EventType "swiss"]
[EventRounds "10"]
[EventCountry "DEN"]
[Source "ChessBase"]
[SourceDate "2011.08.29"]

1. Nf3 g6 2. g3 Bg7 3. d4 c5 4. c3 cxd4 5. cxd4 d5 6. Nc3 Nc6 7. Bg2 Nh6 8.
Bxh6 Bxh6 9. e3 O-O 10. Qb3 e6 11. O-O Na5 12. Qc2 b6 13. Rfc1 Ba6 14. b4 Nc4
15. b5 Bb7 16. a4 Rc8 17. Qa2 Qd6 18. Nd2 Nxe3 19. Ne2 Nxg2 20. Kxg2 e5 21.
Rxc8 Rxc8 22. Nf3 e4 23. Ne1 Rc4 24. a5 Qb8 25. axb6 axb6 26. Qb3 Bc8 27. Nc3
Rxd4 28. Nc2 Rd3 29. Nb4 Rxc3 30. Qxc3 Bg7 31. Qc1 Bxa1 32. Qxa1 Bb7 33. Qf6
Qc7 34. Nc6 Bxc6 35. Qxc6 Qd8 36. h4 h5 37. Kf1 Kg7 38. Ke2 f5 39. Ke3 d4+ 40.
Kf4 d3 41. Qc3+ Kh6 42. Qd2 Qd6+ 43. Ke3 Qc5+ 44. Kf4 Qd4 0-1

[Event "33. Copenhagen Open (Politiken Cup)"]
[Site "Elsinore"]
[Date "2011.08.03"]
[Round "6"]
[White "Nielsen, Palle"]
[Black "Abildgaard, Kim"]
[Result "1/2-1/2"]
[WhiteElo "1824"]
[BlackElo "1446"]
[PlyCount "96"]
[EventDate "2011.07.30"]
[EventType "swiss"]
[EventRounds "10"]
[EventCountry "DEN"]
[Source "ChessBase"]
[SourceDate "2011.08.29"]

1. Nf3 d5 2. e3 a6 3. c4 e6 4. Nc3 Nf6 5. a3 Be7 6. d4 dxc4 7. Bxc4 O-O 8. O-O
Qd6 9. e4 Qd8 10. h3 b5 11. Bd3 Bb7 12. Be3 Re8 13. Rc1 Nbd7 14. e5 Nd5 15. Ne4
g6 16. Bh6 f6 17. Nc5 Nxc5 18. dxc5 c6 19. Qc2 f5 20. Qe2 Kf7 21. Rfd1 g5 22.
Nxg5+ Bxg5 23. Qh5+ Kg8 24. Bxg5 Qc7 25. Qe2 Qg7 26. Bd2 Kh8 27. f4 Rg8 28. Rf1
Rad8 29. Rf3 Ne7 30. Be1 Ng6 31. Rc2 Rd7 32. Qf2 Nxf4 33. Bf1 Ng6 34. Bc3 Rd5
35. Rg3 Qe7 36. Rd3 Qxc5 37. Qxc5 Rxc5 38. Rd6 Re8 39. Rcd2 Rd5 40. R2xd5 cxd5
41. Kf2 Kg8 42. g3 Kf7 43. Be2 Kg7 44. Bd4 Kg8 45. Ke3 Bc8 46. Rc6 Bb7 47. Rd6
Bc8 48. Rc6 Bb7 1/2-1/2

[Event "33. Copenhagen Open (Politiken Cup)"]
[Site "Elsinore"]
[Date "2011.08.03"]
[Round "6"]
[White "Nielsen, Poul Erik1"]
[Black "Rasmussen, Morten(1956)"]
[Result "1-0"]
[WhiteElo "2083"]
[BlackElo "1889"]
[PlyCount "71"]
[EventDate "2011.07.30"]
[EventType "swiss"]
[EventRounds "10"]
[EventCountry "DEN"]
[Source "ChessBase"]
[SourceDate "2011.08.29"]

1. c4 e5 2. Nc3 Nc6 3. g3 g6 4. Bg2 Bg7 5. b3 d6 6. Bb2 Nf6 7. e3 O-O 8. Nge2
Bf5 9. O-O Qc8 10. d4 Bh3 11. dxe5 Nxe5 12. Nf4 Bxg2 13. Kxg2 Re8 14. h3 Rb8
15. Qc2 h6 16. Rad1 a6 17. a4 Ned7 18. Rfe1 Nc5 19. b4 Ne6 20. Ncd5 Ng5 21. Rh1
Nxd5 22. Nxd5 Bxb2 23. Qxb2 Qf5 24. Nf6+ Kf8 25. Nxe8 Qe4+ 26. Kg1 Nf3+ 27. Kf1
Rxe8 28. Qh8+ Ke7 29. Qc3 Ne5 30. Rg1 c5 31. bxc5 dxc5 32. Rd5 Qb1+ 33. Ke2
Qxg1 34. Qxe5+ Kf8 35. Qh8+ Ke7 36. Re5+ 1-0

[Event "33. Copenhagen Open (Politiken Cup)"]
[Site "Elsinore"]
[Date "2011.08.03"]
[Round "6"]
[White "Nielsen, Steen G"]
[Black "Skovgaard, Tom"]
[Result "0-1"]
[WhiteElo "1870"]
[BlackElo "2013"]
[PlyCount "62"]
[EventDate "2011.07.30"]
[EventType "swiss"]
[EventRounds "10"]
[EventCountry "DEN"]
[Source "ChessBase"]
[SourceDate "2011.08.29"]

1. e4 c5 2. Nc3 Nc6 3. f4 e6 4. Nf3 d5 5. exd5 exd5 6. Bb5 Nf6 7. O-O Be7 8. d4
O-O 9. Kh1 Bg4 10. Ne2 Bxf3 11. Rxf3 a6 12. Bxc6 bxc6 13. Be3 c4 14. b3 Re8 15.
bxc4 dxc4 16. Ng3 Nd5 17. Bd2 c5 18. Nf5 Bf6 19. c3 cxd4 20. Nxd4 Bxd4 21. cxd4
Re4 22. Qc2 Rxd4 23. Re1 Rc8 24. f5 c3 25. Be3 Nb4 26. Qa4 c2 27. Rff1 Nd3 28.
Qxa6 Nxe1 29. Rxe1 Rd1 30. Qe2 Rxe1+ 31. Qxe1 Qd1 0-1

[Event "33. Copenhagen Open (Politiken Cup)"]
[Site "Elsinore"]
[Date "2011.08.03"]
[Round "6"]
[White "Nordin, Eric"]
[Black "Jorgensen, Carina Eilegaard"]
[Result "0-1"]
[WhiteElo "1876"]
[BlackElo "2030"]
[PlyCount "80"]
[EventDate "2011.07.30"]
[EventType "swiss"]
[EventRounds "10"]
[EventCountry "DEN"]
[Source "ChessBase"]
[SourceDate "2011.08.29"]

1. e4 c6 2. d4 d5 3. Nc3 dxe4 4. Nxe4 Bf5 5. Ng3 Bg6 6. h4 h6 7. Nf3 Nd7 8. h5
Bh7 9. Bd3 Bxd3 10. Qxd3 e6 11. Bf4 Qa5+ 12. Bd2 Bb4 13. c3 Be7 14. c4 Qc7 15.
O-O Ngf6 16. Rfe1 O-O 17. Nf5 Rfe8 18. Nxe7+ Rxe7 19. d5 cxd5 20. cxd5 Nxd5 21.
Rac1 Qb6 22. g4 N7f6 23. g5 Nxh5 24. gxh6 Nhf4 25. Bxf4 Nxf4 26. Qe4 e5 27. h7+
Kh8 28. Nxe5 Qh6 29. Rc3 f6 30. Qxf4 Qxf4 31. Ng6+ Kxh7 32. Nxe7 g6 33. Rg3 g5
34. Ree3 Rd8 35. Rgf3 Qg4+ 36. Rg3 Qd1+ 37. Kg2 g4 38. Re4 Rd4 39. Ree3 Rf4 40.
Rd3 Qe1 0-1

[Event "33. Copenhagen Open (Politiken Cup)"]
[Site "Elsinore"]
[Date "2011.08.03"]
[Round "6"]
[White "Nordstrom, Hakon N"]
[Black "Vesterli, Michael E"]
[Result "0-1"]
[WhiteElo "1768"]
[BlackElo "1969"]
[PlyCount "42"]
[EventDate "2011.07.30"]
[EventType "swiss"]
[EventRounds "10"]
[EventCountry "DEN"]
[Source "ChessBase"]
[SourceDate "2011.08.29"]

1. e4 c5 2. Nf3 d6 3. d4 cxd4 4. Nxd4 Nf6 5. Nc3 g6 6. Be3 Bg7 7. f3 O-O 8. Qd2
Nc6 9. O-O-O d5 10. Nxc6 bxc6 11. exd5 cxd5 12. Nxd5 Nxd5 13. Qxd5 Qc7 14. Qxa8
Bf5 15. Qxf8+ Kxf8 16. Rd2 Qb8 17. c3 Bxc3 18. Bh6+ Kg8 19. Rf2 Qe5 20. Bc4
Bxb2+ 21. Kd1 Bc3 0-1

[Event "33. Copenhagen Open (Politiken Cup)"]
[Site "Elsinore"]
[Date "2011.08.03"]
[Round "6"]
[White "Ochsner, Bjorn Moller"]
[Black "Cmilyte, Viktorija"]
[Result "0-1"]
[WhiteElo "2258"]
[BlackElo "2528"]
[PlyCount "90"]
[EventDate "2011.07.30"]
[EventType "swiss"]
[EventRounds "10"]
[EventCountry "DEN"]
[Source "ChessBase"]
[SourceDate "2011.08.29"]

1. e4 e5 2. Nf3 Nc6 3. Bb5 f5 4. Nc3 fxe4 5. Nxe4 Nf6 6. Nxf6+ Qxf6 7. Qe2 Be7
8. Bxc6 dxc6 9. Nxe5 Bf5 10. O-O O-O-O 11. Ng4 Qh4 12. Ne3 Bd6 13. g3 Qe7 14.
Qh5 Bg6 15. Qg4+ Kb8 16. d3 Qf7 17. Qc4 Qf3 18. Qg4 Qf7 19. Qc4 Qf3 20. Qg4 Qf6
21. h4 h5 22. Qg5 Qxg5 23. hxg5 h4 24. Kg2 hxg3 25. fxg3 Rh5 26. Ng4 c5 27. Be3
c4 28. Rad1 cxd3 29. cxd3 Be8 30. Nf2 Bc6+ 31. Ne4 Be5 32. b3 b6 33. Kf3 Rh2
34. Bf2 Bb5 35. Ke2 Re8 36. Ke3 c5 37. Kf3 Rf8+ 38. Ke2 Bc6 39. Rh1 Rg2 40.
Rdg1 Bxe4 41. Rxg2 Bxg2 42. Rh7 Bf3+ 43. Kd2 Bg4 44. Be3 Bf5 45. Rh5 Bg6 0-1

[Event "33. Copenhagen Open (Politiken Cup)"]
[Site "Elsinore"]
[Date "2011.08.03"]
[Round "6"]
[White "Olofsson Dolk, Mattis"]
[Black "Henningsson, Hjalte Skov"]
[Result "1/2-1/2"]
[WhiteElo "1951"]
[BlackElo "1794"]
[PlyCount "143"]
[EventDate "2011.07.30"]
[EventType "swiss"]
[EventRounds "10"]
[EventCountry "DEN"]
[Source "ChessBase"]
[SourceDate "2011.08.29"]

1. e4 c6 2. d4 d5 3. Nc3 dxe4 4. Nxe4 Nd7 5. Bc4 Ngf6 6. Ng5 e6 7. Qe2 Nb6 8.
Bd3 h6 9. N5f3 c5 10. dxc5 Bxc5 11. Ne5 O-O 12. Ngf3 Nbd5 13. c3 b6 14. O-O Bb7
15. c4 Nb4 16. Bb1 Qc7 17. b3 Rfd8 18. Bb2 Be7 19. a3 Nc6 20. Qc2 Na5 21. b4
Be4 22. Qc3 Bxb1 23. Raxb1 Nc6 24. Nxc6 Qxc6 25. Ne5 Qc7 26. Qf3 Bd6 27. Rfe1
Bxe5 28. Bxe5 Qe7 29. Rbc1 Rac8 30. h3 Ne8 31. Qg3 f6 32. Bf4 e5 33. Bxh6 Rd4
34. c5 bxc5 35. bxc5 Rxc5 36. Qb3+ Rcd5 37. Red1 Qf7 38. Be3 Rxd1+ 39. Rxd1
Rxd1+ 40. Qxd1 Kf8 41. Bc5+ Kg8 42. Qa4 g6 43. Qxa7 Qxa7 44. Bxa7 Nc7 45. a4
Kf7 46. Kf1 Ke6 47. Ke2 e4 48. a5 Kd5 49. Bb6 Na6 50. Kd2 f5 51. g3 Nb4 52. Kc3
Nd3 53. a6 Kc6 54. a7 Kb7 55. f3 Ka8 56. fxe4 fxe4 57. Be3 Ne1 58. Kd2 Nf3+ 59.
Ke2 Kb7 60. Bf2 Ng5 61. h4 Nf7 62. g4 Nh6 63. h5 gxh5 64. gxh5 Nf5 65. Kd2 Ka8
66. Bc5 Kb7 67. Ke1 Ka8 68. Kf2 Kb7 69. Ke1 Ka8 70. Kf1 Ng3+ 71. Kf2 Nxh5 72.
Ke3 1/2-1/2

[Event "33. Copenhagen Open (Politiken Cup)"]
[Site "Elsinore"]
[Date "2011.08.03"]
[Round "6"]
[White "Ostby, Martin Bergsjo"]
[Black "Andersen, Daniel"]
[Result "0-1"]
[WhiteElo "1288"]
[BlackElo "1963"]
[PlyCount "72"]
[EventDate "2011.07.30"]
[EventType "swiss"]
[EventRounds "10"]
[EventCountry "DEN"]
[Source "ChessBase"]
[SourceDate "2011.08.29"]

1. e4 e6 2. d4 d5 3. e5 c5 4. c3 Nc6 5. Nf3 Bd7 6. Be2 f6 7. exf6 Nxf6 8. Bg5
Qb6 9. Bc1 O-O-O 10. O-O Bd6 11. dxc5 Bxc5 12. b4 Bd6 13. Be3 Qc7 14. a4 Kb8
15. h3 e5 16. Na3 e4 17. Nb5 exf3 18. Nxc7 fxe2 19. Na6+ bxa6 20. Qxe2 Bc8 21.
b5 Ne5 22. b6 axb6 23. Bxb6 Rde8 24. Rab1 Ka8 25. Qd1 Re7 26. Bd4 Bb7 27. Qb3
Nc4 28. Rbd1 Rhe8 29. f3 Re2 30. Rf2 R2e6 31. Rdf1 Nh5 32. Qb1 Ng3 33. Rd1 Ne2+
34. Kh1 Bg3 35. Rff1 Nxd4 36. cxd4 Ne3 0-1

[Event "33. Copenhagen Open (Politiken Cup)"]
[Site "Elsinore"]
[Date "2011.08.03"]
[Round "6"]
[White "Pedersen, Carl Aage"]
[Black "Rasmussen, Lars"]
[Result "1/2-1/2"]
[WhiteElo "1752"]
[BlackElo "1981"]
[PlyCount "37"]
[EventDate "2011.07.30"]
[EventType "swiss"]
[EventRounds "10"]
[EventCountry "DEN"]
[Source "ChessBase"]
[SourceDate "2011.08.29"]

1. d4 Nf6 2. c4 e6 3. Nf3 b6 4. Bg5 Be7 5. Nc3 Bb7 6. e3 h6 7. Bh4 O-O 8. Be2
c5 9. O-O cxd4 10. Nxd4 Na6 11. Rc1 Nc5 12. Bf3 Bxf3 13. Nxf3 Rc8 14. b3 a6 15.
h3 d6 16. Qe2 Qc7 17. Rc2 Rfd8 18. Rfc1 Nfe4 19. Nxe4 1/2-1/2

[Event "33. Copenhagen Open (Politiken Cup)"]
[Site "Elsinore"]
[Date "2011.08.03"]
[Round "6"]
[White "Brondt, Nicolai Kvist"]
[Black "Burmeister, Rick"]
[Result "1/2-1/2"]
[WhiteElo "2130"]
[BlackElo "2298"]
[PlyCount "146"]
[EventDate "2011.07.30"]
[EventType "swiss"]
[EventRounds "10"]
[EventCountry "DEN"]
[Source "ChessBase"]
[SourceDate "2011.08.29"]

1. d4 e6 2. Nf3 f5 3. c4 Nf6 4. g3 Be7 5. Bg2 O-O 6. O-O d5 7. Nbd2 c6 8. Ne5
Nbd7 9. Nd3 a5 10. Qc2 Ne4 11. Nf3 Nd6 12. Nfe5 Bf6 13. b3 Nf7 14. Bb2 Nfxe5
15. dxe5 Be7 16. Rac1 Qe8 17. f3 Nc5 18. Kh1 b6 19. Nxc5 Bxc5 20. f4 Ba6 21.
Rfd1 Rc8 22. Bd4 Qe7 23. e3 Rfd8 24. Bf1 Bb7 25. cxd5 Rxd5 26. Bg2 Bxd4 27.
exd4 Rd7 28. Qe2 Rcd8 29. Qe3 c5 30. Bxb7 cxd4 31. Qf2 Rxb7 32. Rxd4 Rc7 33.
Rcd1 Rxd4 34. Qxd4 b5 35. Qb6 b4 36. Qxa5 Ra7 37. Qd8+ Kf7 38. Qxe7+ Kxe7 39.
Rd4 Rb7 40. Kg2 h6 41. h4 Kf7 42. h5 g6 43. hxg6+ Kxg6 44. Kh3 Rb6 45. Kh4 Ra6
46. Rxb4 Rxa2 47. Kh3 Rb2 48. Rb7 Kh5 49. Rb6 Rb1 50. Rxe6 Rh1+ 51. Kg2 Rb1 52.
Rb6 Kg4 53. Rg6+ Kh5 54. Rg7 Rxb3 55. Kf2 Rb1 56. Ke2 Rb2+ 57. Kd3 Rd2+ 58. Kc4
Rd4+ 59. Kc5 Rd5+ 60. Kc6 Rd6+ 61. Kc7 Rc6+ 62. Kd8 Rc8+ 63. Ke7 Re8+ 64. Kf7
Re7+ 65. Kf6 Re6+ 66. Kxf5 Rxe5+ 67. Kf6 Re6+ 68. Kf7 Re7+ 69. Kg8 Re8+ 70. Kf7
Re7+ 71. Kf6 Re6+ 72. Kf5 Re5+ 73. Kf6 Re6+ 1/2-1/2